000
00290nam a2200121 a 4500
008
100917s1990|||| d
245
1
0
_a
Vyvraždění rodiny greenu
100
1
_a
Van Dine, S.S.
044
_a
xo
_c
SK
041
_a
slo
020
_c
19
260
_b
Melantrich
_a
Bratislava
_c
1990
999
_c
10482
_d
10482